000 00499nam a2200181Ia 4500
008 210719s2020 xx 000 0 und d
020 _a978-1-071-60397-0
041 _aeng
082 _a615.854 RASA
100 _aRASTOGI (Sanjeev) Ed
245 _aAyurvedic science of food and nutrition
260 _aNew York
_bSpringer
_c2020
300 _axii,176
_bPB
365 _b1495
_cRs
650 _aFood Technology
650 _aFood Technology
906 _aAyurvedic ; food ; nutrition ; science
999 _c211972
_d211972